书目信息 |
| 题名: |
中国旅游地理
|
|
| 作者: | 吕伟成 , 任昕竺 主编 | |
| 分册: | ||
| 出版信息: | 北京 北京师范大学出版社 2008.07 |
|
| 页数: | 333页 | |
| 开本: | 23cm | |
| 丛书名: | ||
| 单 册: | ||
| 中图分类: | F592.99 | |
| 科图分类: | ||
| 主题词: | 旅游地理学--中国--高等教育--教材 , 旅游地理学 | |
| 电子资源: | ||
| ISBN: | 978-7-303-09295-6 | |
| 000 | 00874nam0 2200265 450 | |
| 001 | 012008093211 | |
| 005 | 20130504153419.25 | |
| 010 | @a978-7-303-09295-6@dCNY32.00 | |
| 100 | @a20090425d2008 em y0chiy0110 ea | |
| 101 | 0 | @achi |
| 102 | @aCN@b110000 | |
| 105 | @aak z 000yy | |
| 106 | @ar | |
| 200 | 1 | @a中国旅游地理@9zhong guo lu^ you di li@f吕伟成,任昕竺主编 |
| 210 | @a北京@c北京师范大学出版社@d2008.07 | |
| 215 | @a333页@c图@d23cm | |
| 300 | @a教育部推荐教材 21世纪高职高专系列规划教材 | |
| 330 | @a本书共分为十三章,包括中国地理环境与旅游者、旅游资源地理研究、旅游资源概述、中国旅游地里区划等内容。 | |
| 606 | 0 | @a旅游地理学@y中国@x高等教育@j教材 |
| 606 | 0 | @a旅游地理学 |
| 690 | @aF592.99@v4 | |
| 701 | 0 | @a吕伟成@9lu^ wei cheng@4主编 |
| 701 | 0 | @a任昕竺@9ren xin zhu@4主编 |
| 801 | 0 | @aCN@bRENTIAN@c20090425 |
| 905 | @b543246-50@dF592.99@e310@f5 | |
| 中国旅游地理/吕伟成,任昕竺主编.-北京:北京师范大学出版社,2008.07 |
| 333页:图;23cm |
| 教育部推荐教材 21世纪高职高专系列规划教材 |
| ISBN 978-7-303-09295-6:CNY32.00 |
| 本书共分为十三章,包括中国地理环境与旅游者、旅游资源地理研究、旅游资源概述、中国旅游地里区划等内容。 |
| ● |
| 相关链接 |
|
|
|
|
正题名:中国旅游地理
索取号:F592.99/310
 
预约/预借
| 序号 | 登录号 | 条形码 | 馆藏地/架位号 | 状态 | 备注 |
| 1 | 543246 | 205432469 | 第一样本阅览室/ [索取号:F592.99/310] | 在馆 | |
| 2 | 543247 | 205432478 | 第一借阅区/ [索取号:F592.99/310] | 在馆 | |
| 3 | 543248 | 205432487 | 第一借阅区/ [索取号:F592.99/310] | 在馆 | |
| 4 | 543249 | 205432496 | 第一借阅区/ [索取号:F592.99/310] | 在馆 | |
| 5 | 543250 | 205432502 | 密集书库-资源管理系/ [索取号:F592.99/310] | 在馆 |